01145nam a2200157 a 4500008004100000020001800041041000800059100002300067245008800090250001200178260003000190300001000220500011700230505062800347655001200975100617t2013||||ag a|||g |||| pa1pj spa d a9789876043335 aspa1 aGhiglione, Roberto aCuentos para antes de apagar la luz.b(20 expresiones cortas) /cRoberto Ghiglione. a1a ed.  aNeuquén:bEDUCO;c2013. a63 p. aGhiglione, R. (2013). Cuentos para antes de apagar la luz. (20 expresiones cortas). (1a ed.). Neuquén : EDUCO. aDesde una prosa alegre y didáctica, el autor apela a sus conocimientos históricos, de alto contenido cultural, e incursiona en un ramillete de pasiones humanas. Algunas veces con remates inocentes, otras con perspectiva y sorpresa. Presenta cuentos salidos de las consignas, rápidos y comprometidos; cuentos modernos, ninguno vano. Todos invocan los problemas de nuestras vidas cotidianas y nos dejan sabor a fábula, a ejemplo. Se posan con ironía en las pesadillas diarias e invocan la soledad, el castigo, el agradecimiento, los prejuicios, la decencia, tragedia y crimen, sacrificio y amor, bondad y milagro... aCuentos